000 01176nam a2200313 a 4500
090 _c0
001 1656320
005 19971204100019.8
008 971002s1998 txuab b 001 0 eng
010 _a97067174
020 _a003018679X
040 _aDLC
_cDLC
050 0 0 _aGE70
_b.R38 1998
082 0 0 _a363.7
_221
_bRAV
100 1 _aRaven, Peter H.
245 1 0 _aEnvironment /
_cPeter H. Raven, Linda R. Berg, George B. Johnson.
250 _a2nd ed.
260 _aFort Worth :
_bSaunders College Pub.,
_cc1998.
300 _a579 p. :
_bcol. ill., col. maps ;
_c29 cm. +
_e1 data sheet in pocket
504 _aIncludes bibliographical references and index.
650 0 _aEnvironmental education.
650 0 _aEnvironmental policy.
650 0 _aConservation of natural resources.
700 1 _aBerg, Linda R.
700 1 _aJohnson, George B.
_q(George Brooks),
_d1942-
942 _2ddc
_cBB
999 _c10664
_d10664